000
00280nam a22001337a 4500
008
180216b xxu||||| |||| 00| 0 eng d
020
_a
9780226470450
041
_a
eng
080
_a
32
100
_a
24
101
_a
pol
245
_a
foreign aid
_c
carol.l
942
_2
udc
_c
BK
999
_c
42807
_d
42807